000 00684nam a2200229 4500
003 OSt
005 20260601171003.0
008 260506b2005\\\\wb\a||||\||||\00|\0\eng\d
020 _a9788023948172
040 _aICI
_bspa
_cICI
041 _aeng
050 0 _aNK1448.22
_bC94 2005
100 1 _aBruthansova, Tereza,
_eautor
_931761
245 1 _aCzech 100 Design Icons /
_cTereza Bruthansova ; coautor Martina Králová
264 _aBerlin :
_bCzechmania,
_c2005
300 _a100 páginas :
_bilustraciones
336 _atexto
_2rdacontent
337 _asin medio
_2rdamedia
338 _avolumen
_2rdacarrier
700 1 _aKrálová, Martina,
_ecoautor
_931762
942 _2lcc
_cB
_n1
999 _c20161
_d20161